| 000 | 01187nab a22002417a 4500 | ||
|---|---|---|---|
| 999 |
_c5584 _d5584 |
||
| 003 | OSt | ||
| 005 | 20251219110310.0 | ||
| 008 | 190429b xxu||||| |||| 00| 0 spa d | ||
| 040 | _cPJ | ||
| 100 |
_96559 _aAdamoli, María Laura |
||
| 245 | 1 | 0 |
_aResponsabilidad civil y penal de los padres o tutores sobre los menores delincuentes / _cMaría Laura Adamoli, Ignacio E. Ballesteros. |
| 260 |
_cCiudad Autónoma de Buenos Aires : _aThomson Reuters La Ley, _b2025. |
||
| 300 | _ap. 171-176 | ||
| 500 | _aCita: AR/DOC/1062/2025. | ||
| 505 | _aSumario: I. Introducción.— II. Límites a la responsabilidad penal de los padres o tutores.— III. Conclusión.— IV. Conclusión sobre la responsabilidad penal de los padres. | ||
| 505 | _tSi te interesa el texto completo, solicitalo a koha@justierradelfuego.gov.ar | ||
| 650 | 0 |
_9343 _aDERECHO PENAL |
|
| 650 | 0 |
_92730 _aRÉGIMEN PENAL DE LA MINORIDAD |
|
| 650 | 0 |
_91467 _aRESPONSABILIDAD CIVIL |
|
| 700 |
_96560 _aBallesteros, Ignacio E. _ecoautor |
||
| 773 | 0 |
_02658 _93164 _tRevista de derecho penal y criminología. Nº 5 - Junio 2025 _dCiudad Autónoma de Buenos Aires : Thomson Reuters La Ley, 2017- _x00347914 |
|
| 942 |
_2udc _cANA |
||